000 00271 a2200097 4500
020 _a9789881383426
100 _aSendpoints Publishing Co. Ltd.
245 _aSHOW TIME 2 - The Art of Exhibition: The Art of Exhibition
250 _aNew edition
260 _bSendpoints
_c 2014
999 _c13642
_d13642